| 000 | 00769nam a2200253 a 4500 | ||
|---|---|---|---|
| 003 | OSt | ||
| 005 | 20151127133212.0 | ||
| 008 | 111228s2011 spc|||| |||| 000 0 spa| | ||
| 017 |
_aDL B. 35404-2011 _aDL B. 2802-2012 _bBiblioteca de Catalunya |
||
| 020 | _a9788498751765 | ||
| 040 |
_aES-BaBC _bcat _cCDMR |
||
| 100 | 1 |
_aGrau, Francesc _q(Grau Güell) |
|
| 245 | 1 | 0 |
_aTwitter en una semana _b: conozca lo necesario para crecer dentro de la plataforma / _cFrancesc Grau |
| 260 |
_aBarcelona: _bCentro Libros PAPF, _c2011. |
||
| 300 |
_a125 p. _bil. _c20 cm |
||
| 490 | 1 | _aEn una semana | |
| 500 | _aReimpressions: 2012 | ||
| 504 | _aBibliografia | ||
| 505 | 8 | _aInclou glossari | |
| 630 | _aTwitter | ||
| 830 | _aEn una semana | ||
| 940 | _aBC | ||
| 942 |
_2udc _cMON |
||
| 999 |
_c6623 _d6623 |
||